书目信息 |
| 题名: |
自动控制工程基础及应用
|
|
| 作者: | 张小慧 主编 | |
| 分册: | ||
| 出版信息: | 北京 高等教育出版社 2003 |
|
| 页数: | 176页 | |
| 开本: | 26cm | |
| 丛书名: | ||
| 单 册: | ||
| 中图分类: | TP13 | |
| 科图分类: | ||
| 主题词: | 自动控制理论--高等教育--教材 | |
| 电子资源: | ||
| ISBN: | 7-04-013179-X | |
| 000 | 00874nam0 2200253 450- | |
| 001 | 0101007163 | |
| 005 | 20040423103656.0 | |
| 010 | @a7-04-013179-X@dCNY14.90 | |
| 011 | @a7-04-013179-X | |
| 100 | @a20040402d2003 em y0chiy0120 ea | |
| 101 | 0 | @achi |
| 102 | @aCN@b110000 | |
| 105 | @ay z 000yy | |
| 106 | @ar | |
| 200 | 1 | @a自动控制工程基础及应用@9Zi Dong Kong Zhi Gong Cheng Ji Chu Ji Ying Yong @f张小慧主编@b专著 |
| 210 | @a北京@c高等教育出版社@d2003 | |
| 215 | @a176页@d26cm | |
| 300 | @a普通高等教育“十五”国家级规划教材(高职高专教育) | |
| 330 | @a本书介绍了当今自动控制工程领域广泛使用的PC机自动化工程的主要技术。包括:传感器及检测装置、计算机和PLC控制技术等。 | |
| 606 | 0 | @a自动控制理论@x高等教育@j教材 |
| 690 | @aTP13@v4 | |
| 701 | 0 | @a张小慧@c(自动控制)@4主编@9zhang xiao hui |
| 801 | 0 | @aCN@bAZmarc@c20230831 |
| 905 | @aBZT@dTP13@e11@f1@sTP13/11 | |
| 自动控制工程基础及应用/张小慧主编.-北京:高等教育出版社,2003 |
| 176页;26cm |
| 普通高等教育“十五”国家级规划教材(高职高专教育) |
| ISBN 7-04-013179-X:CNY14.90 |
| 本书介绍了当今自动控制工程领域广泛使用的PC机自动化工程的主要技术。包括:传感器及检测装置、计算机和PLC控制技术等。 |
| ● |
| 相关链接 |
|
|
|
正题名:自动控制工程基础及应用
索取号:TP13/11
 
预约/预借
| 序号 | 登录号 | 条形码 | 馆藏地/架位号 | 状态 | 备注 |
| 1 | 2000061421 | 2000061421 | 旧书回溯/ [索取号:TP13/11] | 在馆 |